Manual of section / (Record no. 9762)

000 -LEADER
fixed length control field 01077cam a2200289 i 4500
003 - CONTROL NUMBER IDENTIFIER
control field OSt
005 - DATE AND TIME OF LATEST TRANSACTION
control field 20220525104219.0
008 - FIXED-LENGTH DATA ELEMENTS--GENERAL INFORMATION
fixed length control field 151201s2016 nyua 001 0 eng
010 ## - LIBRARY OF CONGRESS CONTROL NUMBER
LC control number 2015047210
020 ## - INTERNATIONAL STANDARD BOOK NUMBER
International Standard Book Number 9781616892555 (alk. paper)
040 ## - CATALOGING SOURCE
Original cataloging agency DLC
Language of cataloging eng
Transcribing agency DLC
Description conventions rda
Modifying agency DLC
042 ## - AUTHENTICATION CODE
Authentication code pcc
082 00 - DEWEY DECIMAL CLASSIFICATION NUMBER
Classification number 724.6
Edition number 23
Item number LEW
100 1# - MAIN ENTRY--PERSONAL NAME
Personal name Lewis, Paul,
Dates associated with a name 1966-
Relator term author.
245 10 - TITLE STATEMENT
Title Manual of section /
Statement of responsibility, etc Lewis.Tsurumaki.Lewis, Paul Lewis, Marc Tsurumaki, David J. Lewis.
300 ## - PHYSICAL DESCRIPTION
Extent 207 pages :
Other physical details illustrations ;
Dimensions 28 cm
500 ## - GENERAL NOTE
General note Includes indexes.
650 #0 - SUBJECT ADDED ENTRY--TOPICAL TERM
Topical term or geographic name as entry element Architectural sections.
650 #0 - SUBJECT ADDED ENTRY--TOPICAL TERM
Topical term or geographic name as entry element Architecture, Modern
Chronological subdivision 20th century
Form subdivision Designs and plans.
650 #0 - SUBJECT ADDED ENTRY--TOPICAL TERM
Topical term or geographic name as entry element Architecture, Modern
Chronological subdivision 21st century
Form subdivision Designs and plans.
700 1# - ADDED ENTRY--PERSONAL NAME
Personal name Tsurumaki, Marc,
Dates associated with a name 1965-
Relator term author.
700 1# - ADDED ENTRY--PERSONAL NAME
Personal name Lewis, David J.,
Dates associated with a name 1966-
Relator term author.
710 2# - ADDED ENTRY--CORPORATE NAME
Corporate name or jurisdiction name as entry element Lewis.Tsurumaki.Lewis.
906 ## - LOCAL DATA ELEMENT F, LDF (RLIN)
a 7
b cbc
c orignew
d 1
e ecip
f 20
g y-gencatlg
942 ## - ADDED ENTRY ELEMENTS (KOHA)
Source of classification or shelving scheme
955 ## - COPY-LEVEL INFORMATION (RLIN)
Book number/undivided call number, CCAL (RLIN) rk11 2015-12-01
Copy status, CST (RLIN) rk11 2015-12-01 to SHEd/CLEd
Classification number, CCAL (RLIN) td04 2015-12-23 to Dewey
-- xn12 2017-04-03 1 copy rec'd., to CIP ver.
Holdings
Withdrawn status Lost status Damaged status Koha normalized classification for sorting Not for loan Permanent location Current location Date acquired Cost, normal purchase price Full call number Barcode Date last seen Price effective from Non-public note Koha item type Source of classification or shelving scheme Total Checkouts Date last borrowed Source of acquisition Cost, replacement price Total Renewals
      724_600000000000000_LEW   BMS College of Architecture, Design and Planning BMS College of Architecture, Design and Planning 2020-03-03 2009.00 724.6 LEW AR-UG966 2020-03-03 2020-03-03 VTU 2021 Scheme UG Books            
      724_600000000000000_LEW   BMS College of Architecture, Design and Planning BMS College of Architecture, Design and Planning 2020-05-20   724.6 LEW AR-UG1444 2024-03-14 2020-05-20 VTU 2021 Scheme UG Books   1 2024-01-04      
      724_600000000000000_LEW   BMS College of Architecture, Design and Planning BMS College of Architecture, Design and Planning 2021-02-04   724.6 LEW AR-UG2113 2021-02-04 2021-02-04 VTU 2021 Scheme UG Books            
      724_600000000000000_LEW   BMS College of Architecture, Design and Planning BMS College of Architecture, Design and Planning 2022-05-25 1605.32 724.6 LEW AR-UG2693 2023-02-07 2022-05-25 VTU 2021 Scheme UG Books   1 2023-01-13 1 2396.00  
      724_600000000000000_LEW   BMS College of Architecture, Design and Planning BMS College of Architecture, Design and Planning 2022-05-25 1605.32 724.6 LEW AR-UG2694 2022-05-25 2022-05-25 VTU 2021 Scheme UG Books       1 2396.00  
      724_600000000000000_LEW   BMS College of Architecture, Design and Planning BMS College of Architecture, Design and Planning 2022-05-25 1605.32 724.6 LEW AR-UG2695 2022-05-25 2022-05-25 VTU 2021 Scheme UG Books       1 2396.00  
      724_600000000000000_LEW   BMS College of Architecture, Design and Planning BMS College of Architecture, Design and Planning 2022-05-25 1605.32 724.6 LEW AR-UG2696 2023-09-15 2022-05-25 VTU 2021 Scheme UG Books   1 2023-08-17 1 2396.00 1
      724_600000000000000_LEW   BMS College of Architecture, Design and Planning BMS College of Architecture, Design and Planning 2022-05-25 1605.32 724.6 LEW AR-UG2697 2022-05-25 2022-05-25 VTU 2021 Scheme UG Books       1 2396.00  
      724_600000000000000_LEW   BMS College of Architecture, Design and Planning BMS College of Architecture, Design and Planning 2023-03-16 1768.97 724.6 LEW AR-UG2967 2023-03-16 2023-03-16 VTU 2021 Scheme UG Books       10 2563.72  
      724_600000000000000_LEW   BMS College of Architecture, Design and Planning BMS College of Architecture, Design and Planning 2023-03-16 1768.97 724.6 LEW AR-UG2968 2023-03-16 2023-03-16 VTU 2021 Scheme UG Books       10 2563.72  
      724_600000000000000_LEW   BMS College of Architecture, Design and Planning BMS College of Architecture, Design and Planning 2023-03-16 1768.97 724.6 LEW AR-UG2969 2023-10-16 2023-03-16 VTU 2021 Scheme UG Books   1 2023-10-03 10 2563.72  
      724_600000000000000_LEW   BMS College of Architecture, Design and Planning BMS College of Architecture, Design and Planning 2023-03-16 1768.97 724.6 LEW AR-UG2970 2024-11-15 2023-03-16 VTU 2021 Scheme UG Books   1 2024-10-08 10 2563.72  
      724_600000000000000_LEW   BMS College of Architecture, Design and Planning BMS College of Architecture, Design and Planning 2023-03-16 1768.97 724.6 LEW AR-UG2971 2023-03-16 2023-03-16 VTU 2021 Scheme UG Books       10 2563.72  
Copyright © 2025, The Librarian, Library and Information Centre, BMSCA D&P, Bengaluru. All Rights Reserved
web counter

Powered by Koha